书目信息 |
| 题名: |
贾谊评传
|
|
| 作者: | 董晓慧 著 | |
| 分册: | ||
| 出版信息: | 沈阳 辽海出版社 2019 |
|
| 页数: | 266页 | |
| 开本: | 23cm | |
| 丛书名: | 中国古代著名文学家丛书 | |
| 单 册: | ||
| 中图分类: | B234.25 | |
| 科图分类: | ||
| 主题词: | 思想家--si xiang jia--评传--中国--两汉时代 | |
| 电子资源: | ||
| ISBN: | 978-7-5451-4816-9 | |
| 000 | 01190nam 2200301 450 | |
| 001 | CAL 012019116049 | |
| 005 | 20230308143223.0 | |
| 010 | @a978-7-5451-4816-9@dCNY49.80 | |
| 099 | @aCAL 012019116049 | |
| 100 | @a20190711d2019 em y0chiy0120 ea | |
| 101 | 0 | @achi |
| 102 | @aCN@b210000 | |
| 105 | @ay a 000yb | |
| 106 | @ar | |
| 200 | 1 | @a贾谊评传@Ajia yi ping zhuan@f董晓慧著 |
| 210 | @a沈阳@c辽海出版社@d2019 | |
| 215 | @a266页@d23cm | |
| 225 | 2 | @a中国古代著名文学家丛书@Azhong guo gu dai zhu ming wen xue jia cong shu |
| 320 | @a有书目 (第234-251页) | |
| 330 | @a本书为“中国古代著名文学家丛书”之一种, 全书共分七章, 详细介绍了汉代文学家贾谊的生平经历、政治思想、文学成就、后世评价等, 较为全面地反映了这位著名文学家的人生历程及其创作。本书以学术性的研究视角切入描写对象, 同时又注重行文语言的通俗普及性, 以传寓评, 方便读者了解这位著名文学家。 | |
| 410 | 0 | @12001 @a中国古代著名文学家丛书 |
| 600 | 0 | @a贾谊,@Ajia yi@f前200-前168@x评传 |
| 606 | 0 | @a思想家@Asi xiang jia@x评传@y中国@z两汉时代 |
| 690 | @aB234.25@v5 | |
| 701 | 0 | @a董晓慧@Adong xiao hui@4著 |
| 801 | 0 | @aCN@bBJXHXP@c20230308 |
| 801 | 0 | @aCN@b人天书店@c20190711 |
| 905 | @b1392345-7@dB234.25@e63@f3 | |
| 贾谊评传/董晓慧著.-沈阳:辽海出版社,2019 |
| 266页;23cm.-(中国古代著名文学家丛书) |
| ISBN 978-7-5451-4816-9:CNY49.80 |
| 本书为“中国古代著名文学家丛书”之一种, 全书共分七章, 详细介绍了汉代文学家贾谊的生平经历、政治思想、文学成就、后世评价等, 较为全面地反映了这位著名文学家的人生历程及其创作。本书以学术性的研究视角切入描写对象, 同时又注重行文语言的通俗普及性, 以传寓评, 方便读者了解这位著名文学家。 |
| ● |
| 相关链接 |
|
|
|
|
正题名:贾谊评传
索取号:B234.25/63
 
预约/预借
| 序号 | 登录号 | 条形码 | 馆藏地/架位号 | 状态 | 备注 |
| 1 | 1392345 | 213923450 | 第一样本阅览室/ [索取号:B234.25/63] | 在馆 | |
| 2 | 1392346 | 213923469 | 第一借阅区/ [索取号:B234.25/63] | 在馆 | |
| 3 | 1392347 | 213923478 | 第一借阅区/ [索取号:B234.25/63] | 在馆 |